00346 2200157 4500245003600000020001800036250001100054100001500065650001000080005001900090260001400109041001400123084001000137300003200147336000900179 aShine Aoba !!cYasue ImaihText a979-1014-53-1 aCet. 1 aYasue Imai aKomik a20230203142929 bMs Comics aIndonesia a741.5 a... jil. :bilus. ;c17 cm. atext